| 000 | 00484nam a2200193Ia 4500 | ||
|---|---|---|---|
| 005 | 20250527154002.0 | ||
| 008 | 250327s9999 xx 000 0 und d | ||
| 020 |
_a9788129137531 _qhbk |
||
| 041 | _aeng | ||
| 082 | _a332.024 LAW | ||
| 100 | _aLaw, Vivek | ||
| 245 | 4 |
_aThe money book _c/ Vivek Law |
|
| 250 | _a1st ed. | ||
| 260 |
_bRupa publications, _c2016. _aNew Delhi: |
||
| 300 |
_a194p. ; _c20cm. |
||
| 504 | _aindex | ||
| 650 | _aFinancial economics | ||
| 942 | _cENGLISH | ||
| 999 |
_c570536 _d570536 |
||